<?xml version="1.0" encoding="UTF-8"?>
<marc:record xmlns:marc="http://www.loc.gov/MARC21/slim">
   <marc:leader>00000nam a2200000 a 4500</marc:leader>
   <marc:datafield ind1="1" ind2=" " tag="100">
      <marc:subfield code="a">Pool, Silvia</marc:subfield>
      <marc:subfield code="4">edt</marc:subfield>
      <marc:subfield code="e">Bearbeiter/-in</marc:subfield>
   </marc:datafield>
   <marc:datafield ind1=" " ind2=" " tag="653">
      <marc:subfield code="a">Sonderpädagogik</marc:subfield>
   </marc:datafield>
   <marc:datafield ind1=" " ind2=" " tag="653">
      <marc:subfield code="a">Professionalisierung</marc:subfield>
   </marc:datafield>
   <marc:datafield ind1=" " ind2=" " tag="653">
      <marc:subfield code="a">Softcover</marc:subfield>
   </marc:datafield>
   <marc:datafield ind1=" " ind2=" " tag="653">
      <marc:subfield code="a">Karte</marc:subfield>
   </marc:datafield>
   <marc:datafield ind1=" " ind2=" " tag="653">
      <marc:subfield code="a">Sonderschulpädagogik</marc:subfield>
   </marc:datafield>
   <marc:datafield ind1=" " ind2=" " tag="653">
      <marc:subfield code="a">Konferenzschrift</marc:subfield>
   </marc:datafield>
   <marc:datafield ind1=" " ind2=" " tag="653">
      <marc:subfield code="a">Kongress</marc:subfield>
   </marc:datafield>
   <marc:datafield ind1="0" ind2="0" tag="245">
      <marc:subfield code="a">Sonderpädagogische Beiträge zu Professionalität</marc:subfield>
   </marc:datafield>
   <marc:datafield ind1="0" ind2="0" tag="245">
      <marc:subfield code="b">interdisziplinäre Perspektiven - Bilder von Behinderung - Wissen</marc:subfield>
   </marc:datafield>
   <marc:datafield ind1="0" ind2="0" tag="245">
      <marc:subfield code="c">Silvia Pool ... (Hrsg.)</marc:subfield>
   </marc:datafield>
   <marc:datafield ind1=" " ind2="1" tag="264">
      <marc:subfield code="a">Luzern</marc:subfield>
      <marc:subfield code="b">Ed. SZH/CSPS</marc:subfield>
      <marc:subfield code="c">2006</marc:subfield>
   </marc:datafield>
   <marc:datafield ind1="1" ind2=" " tag="490">
      <marc:subfield code="a">ISP-Universität Zürich</marc:subfield>
      <marc:subfield code="v">Bd. 12</marc:subfield>
   </marc:datafield>
   <marc:datafield ind1="1" ind2=" " tag="520">
      <marc:subfield code="a">Angaben aus der Verlagsmeldung

Sonderpädagogische Beiträge zu Professionalität : Interdisziplinäre Perspektiven - Bilder von Behinderung - Wissen

Der Professionalisierungsdiskurs ergreift zunehmend Felder sonder­pädagogischen Handelns. Vor diesem Hintergrund organisierte das Institut für Sonderpädagogik (ISP) der Universität Zürich im April 2005 den Fachtag Sonderpädagogik und lud Absolventinnen des ISP und interessierte Personen aus wissenschaftlichen Arbeitsfeldern, Ausbildungsinstitutionen, Bildungsverwaltungen und der Praxis ein, sich diesem Thema zuzuwenden. Dieses Buch ist das Ergebnis dieser intensiven und bereichernden Auseinandersetzung. Die gebotene Vielfalt der hier veröffentlichten Beiträge schafft Einsichten in (sonder-)pädagogische Professionalität im Allgemeinen, zu Forschungsansätzen in diesem Bereich im Besonderen und ermöglicht das Anknüpfen mit eigenen praxisbezogenen Alltagserfahrungen: Hier wird das eigene Nachdenken und der kollegiale Austausch angeregt, dort steckt eine Idee für das nächste Schul- oder Forschungsprojekt.
Drei Schwerpunkte gliedern die Beiträge «Interdisziplinäre Perspektiven – Bilder von Behinderung – Wissen»:
1. Interdisziplinäre Perspektiven auf sonderpädagogisches Handeln beziehen die Rolle der Wirtschaft, der Arbeit, der Qualität und des Berufs in den sonderpädagogischen Diskurs mit ein.
2. Bilder von Behinderung beleuchtet sowohl massenmediale Repräsentationen von Personen mit Behinderungen als auch deren Rollen und Funktion in Arbeitsorganisationen und die Frage nach ihren Selbst- und Fremdbildern.
3. Wissen in sonderpädagogischen Handlungsfeldern wird aus unterschiedlichen Perspektiven betrachtet: Wie wird (sonder-)pädagogisches Wissen genutzt? Wie kann Wissen sichtbar gemacht werden? Wie kann (sonder-)pädagogisches Wissen professionell umgesetzt werden?
</marc:subfield>
   </marc:datafield>
   <marc:datafield ind1=" " ind2=" " tag="020">
      <marc:subfield code="a">9783908262671</marc:subfield>
      <marc:subfield code="9">9783908262671</marc:subfield>
   </marc:datafield>
   <marc:datafield ind1=" " ind2=" " tag="020">
      <marc:subfield code="a">3908262674</marc:subfield>
      <marc:subfield code="9">3908262674</marc:subfield>
   </marc:datafield>
   <marc:datafield ind1=" " ind2=" " tag="041">
      <marc:subfield code="a">ger</marc:subfield>
   </marc:datafield>
   <marc:datafield ind1=" " ind2=" " tag="300">
      <marc:subfield code="a">199 S.</marc:subfield>
   </marc:datafield>
</marc:record>
